| 000 | 00683nam a2200241Ia 4500 | ||
|---|---|---|---|
| 005 | 20231130114614.0 | ||
| 008 | 131103s9999 xx 000 0 und d | ||
| 020 |
_a818707535X _cRs 195 |
||
| 040 | _aLoreto College | ||
| 041 | _aEnglish | ||
| 082 |
_a396 _bWAS |
||
| 245 | 2 |
_aA Storehouse of Tales, _bContemporary Indian Women Writers, _cEdited by Jehanara Wasi. |
|
| 250 | _a Introduction by Malashri Lal | ||
| 260 |
_aNew Delhi _bSrishti _c2001 |
||
| 300 | _a200p | ||
| 504 | _aIncludes list of contributors | ||
| 630 | _aGender Studies | ||
| 650 | _aFeminist Issues | ||
| 651 | _aWomen Studies | ||
| 700 | _aWasi, Jehanara, ed | ||
| 850 | _aLCLIB | ||
| 942 | _cBK | ||
| 999 |
_c12703 _d63182 |
||